000 00661nam a22002177a 4500
003 OSt
005 20260127031744.0
008 260127b |||||||| |||| 00| 0 eng d
020 _a978-1-59486-734-7
040 _aDWC-Main lib
_cOC
082 _aGen. 363.73874 G666o 2009
100 _aGore, Albert
245 _aOur choice:
_ba plan to solve the climate crisis/
_cAlbert Gore
260 _aN.Y :
_bMelcher media,
_cc2009.
300 _a414 pages :
_bcolor illustration ;
_c 23cm.
504 _aIncludes index
650 _a1. Environmental policy
650 _a2. Environmental protection
650 _a3. Global warming
942 _2ddc
_cGR
_kGen.
_n0
999 _c7851
_d7851